San Diego Padres All-Time Team - Statistics

General Stats
  • This quiz has been taken 34 times
  • The average score is 4 of 10
Answer Stats
Nickname Player % Correct
Center Field Tony Gwynn
82%
Relief Pitcher Trevor Hoffman
64%
Right Field Dave Winfield
50%
Starting Pitcher Jake Peavy
46%
Third Base Ken Caminiti
43%
First Base Adrian Gonzalez
39%
Shortstop Ozzie Smith
32%
Catcher Benito Santiago
29%
Second Base Roberto Alomar
25%
Left Field Fred McGriff
0%
No matching quizzes found
Score Distribution
Percent of People with Each Score
Percentile by Number Answered
Your Score History
You have not taken this quiz